[Event "Memorial Gashimov 2022 - Blitz"]
[Site "Baku"]
[Date "23.12.2022"]
[Round "B10"]
[White "Vallejo Pons, Francisco"]
[Black "Abdusattorov, Nodirbek"]
[Result "0-1"]
[WhiteElo "2716"]
[BlackElo "2713"]
[PlyCount "138"]
[EventDate "2022.??.??"]

1. e4 c5 2. Nc3 e6 3. Nf3 Nc6 4. d4 cxd4 5. Nxd4 Nf6 6. a3 Be7 7. Nxc6 bxc6 8.
e5 Nd5 9. Qg4 O-O 10. Bh6 g6 11. Be2 Nxc3 12. bxc3 Qa5 13. Qg3 Rd8 14. O-O d5
15. h4 Ba6 16. Bxa6 Qxa6 17. Rfb1 Rab8 18. h5 Qe2 19. hxg6 hxg6 20. Bg5 Bxg5
21. Qxg5 Qxc2 22. Rb4 Qf5 23. Qe3 c5 24. Rh4 d4 25. cxd4 cxd4 26. Rxd4 Rxd4 27.
Qxd4 a5 28. Rd1 Qc2 29. Rd3 Qb2 30. Qe4 Kg7 31. g3 Qb1+ 32. Kg2 Rh8 33. Kf3 Rh5
34. g4 Rh3+ 35. Ke2 Qb2+ 36. Rd2 Qxa3 37. Qf4 Qe7 38. g5 Rh5 39. Qf6+ Qxf6 40.
exf6+ Kh7 41. Rd7 Rxg5 42. Rxf7+ Kh6 43. Ke3 Re5+ 44. Kf4 Rf5+ 45. Kg3 g5 46.
f3 Kg6 47. Ra7 Kxf6 48. Ra8 Re5 49. Kg4 Ke7 50. Ra6 Kd7 51. Kh5 Rf5 52. Kg4 Rb5
53. Kh5 Re5 54. Kg4 Kc7 55. Kh5 Kb7 56. Rd6 a4 57. Kg6 a3 58. Rd2 Ra5 59. Ra2
Kc6 60. Kf6 e5 61. Kxg5 Kc5 62. Kf5 Kb4 63. Ra1 Kb3 64. Rb1+ Kc2 65. Re1 a2 66.
Re2+ Kd3 67. Re1 a1=Q 68. Rxa1 Rxa1 69. Kxe5 Ke3 0-1

[Event "Memorial Gashimov 2022 - Blitz"]
[Site "Baku"]
[Date "23.12.2022"]
[Round "B10"]
[White "Mamedov, Rauf"]
[Black "Gadimbayli, Abdulla"]
[Result "1-0"]
[WhiteElo "2646"]
[BlackElo "2524"]
[PlyCount "103"]
[EventDate "2022.??.??"]

1. c4 e5 2. d3 Nc6 3. Nf3 g6 4. g3 Bg7 5. Bg2 Nge7 6. Nc3 O-O 7. O-O d6 8. Rb1
h6 9. b4 Kh7 10. b5 Nd4 11. Nxd4 exd4 12. Ne4 d5 13. Nc5 Qd6 14. Nb3 dxc4 15.
dxc4 Bf5 16. Bf4 Qd8 17. Rc1 c6 18. h4 Rc8 19. Qd2 cxb5 20. cxb5 Rxc1 21. Rxc1
Nd5 22. Rc5 Nxf4 23. Qxf4 Qe7 24. Bf3 Rd8 25. Rc7 Rd7 26. Rxd7 Qxd7 27. a4 b6
28. Be4 Be6 29. Nd2 Bg4 30. Nf3 Bxf3 31. Qxf3 f5 32. Bd3 h5 33. Qa8 Qc7 34. Qe8
Be5 35. Qe6 Bg7 36. Bc4 Qe5 37. Qf7 Qc5 38. Kg2 Kh6 39. Bd3 Qe5 40. Qxa7 Qd5+
41. Kg1 Qd6 42. a5 bxa5 43. b6 f4 44. b7 fxg3 45. b8=Q gxf2+ 46. Kxf2 Qf6+ 47.
Ke1 Qxh4+ 48. Kd1 Qh1+ 49. Kc2 Qa1 50. Qf4+ Kh7 51. Bxg6+ Kxg6 52. Qa6+ 1-0

[Event "Memorial Gashimov 2022 - Blitz"]
[Site "Baku"]
[Date "23.12.2022"]
[Round "B10"]
[White "Suleymanli, Aydin"]
[Black "Shankland, Sam"]
[Result "0-1"]
[WhiteElo "2543"]
[BlackElo "2710"]
[PlyCount "142"]
[EventDate "2022.??.??"]

1. Nf3 d5 2. e3 Nf6 3. c4 e6 4. b3 Bd6 5. Bb2 O-O 6. Nc3 Re8 7. Qc2 c5 8. cxd5
exd5 9. Bb5 Nc6 10. Bxc6 bxc6 11. Na4 Ne4 12. d3 Ng5 13. O-O-O Bg4 14. Rhg1 d4
15. exd4 cxd4 16. Nxd4 Bxd1 17. Rxd1 Be5 18. Ne2 Bxb2+ 19. Nxb2 Ne6 20. Qc3
Qg5+ 21. Kb1 Qxg2 22. Ng3 Rad8 23. Rc1 Nd4 24. Qc5 Qxf2 25. Ne4 Qf5 26. Qc4 Qd5
27. Qa6 Rxe4 28. dxe4 Qxe4+ 29. Qd3 Qxd3+ 30. Nxd3 Nxb3 31. Rxc6 Nd4 32. Rc7
Ne6 33. Rc3 g5 34. Kc1 Kg7 35. Ra3 h5 36. Kc2 g4 37. Rxa7 Kf6 38. Kc3 h4 39.
Ra5 g3 40. hxg3 hxg3 41. Ne1 Rd1 42. Ng2 Rg1 43. Nh4 g2 44. Rf5+ Ke7 45. Nxg2
Rxg2 46. a4 Rg4 47. a5 f6 48. Rb5 Nc7 49. Rb7 Kd7 50. Kb3 f5 51. Rb6 Rd4 52.
Rf6 Rd5 53. Kb4 Rb5+ 54. Ka4 Re5 55. a6 Nxa6 56. Rxa6 Rc5 57. Kb4 Rc6 58. Ra3
Ke6 59. Re3+ Kf6 60. Re8 Kg5 61. Kb5 Rc1 62. Kb4 f4 63. Rf8 Kg4 64. Kb3 Kf3 65.
Rf7 Ke3 66. Kb2 Rc8 67. Rf6 f3 68. Rf7 f2 69. Rf6 Ke2 70. Re6+ Kf1 71. Rf6 Rg8
0-1

[Event "Memorial Gashimov 2022 - Blitz"]
[Site "Baku"]
[Date "23.12.2022"]
[Round "B11"]
[White "Rapport, Richard"]
[Black "Vallejo Pons, Francisco"]
[Result "1-0"]
[WhiteElo "2740"]
[BlackElo "2716"]
[PlyCount "91"]
[EventDate "2022.??.??"]

1. e4 e6 2. d4 d5 3. e5 c5 4. c3 Nc6 5. Nf3 Nge7 6. h4 f6 7. Bd3 fxe5 8. dxe5
Nf5 9. Na3 a6 10. Nc2 Be7 11. Ne3 Nxe3 12. Bxe3 Qc7 13. Bf4 Bd7 14. Ng5 O-O-O
15. O-O Rdf8 16. Qg4 Nxe5 17. Bxe5 Qxe5 18. Rae1 Qf6 19. Nxe6 h5 20. Qe2 Re8
21. Ng5 Bd6 22. Qf3 Qxf3 23. Nxf3 Kc7 24. Bg6 Rxe1 25. Rxe1 Rh6 26. Bf7 Bc6 27.
Ng5 b5 28. g3 a5 29. Ne6+ Kb6 30. Rd1 Rf6 31. Ng5 d4 32. cxd4 c4 33. Bxh5 a4
34. d5 Bd7 35. Ne4 Rh6 36. Nxd6 Rxd6 37. a3 Kc5 38. Bf7 Bf5 39. f3 b4 40. axb4+
Kxb4 41. Kf2 Kb3 42. Be8 a3 43. bxa3 c3 44. Ke3 c2 45. Re1 Rxd5 46. Bf7 1-0

[Event "Memorial Gashimov 2022 - Blitz"]
[Site "Baku"]
[Date "23.12.2022"]
[Round "B11"]
[White "Wang, Hao"]
[Black "Gadimbayli, Abdulla"]
[Result "1-0"]
[WhiteElo "2722"]
[BlackElo "2524"]
[PlyCount "85"]
[EventDate "2022.??.??"]

1. e4 e6 2. d4 d5 3. Nd2 c5 4. Ngf3 cxd4 5. Nxd4 Nf6 6. exd5 Nxd5 7. N2f3 Bb4+
8. Bd2 O-O 9. Bc4 Nc6 10. Nxc6 bxc6 11. O-O Rb8 12. Bxb4 Nxb4 13. Qe2 Qf6 14.
c3 Nd5 15. g3 Re8 16. Ne5 Rb6 17. Rfe1 Rd8 18. Rad1 h6 19. Nd3 Rb8 20. Qe5 Qxe5
21. Nxe5 Bb7 22. Nd3 Nb6 23. Bb3 Ba6 24. Nc5 Bc4 25. Bxc4 Nxc4 26. b3 Na3 27.
Kf1 Nb5 28. c4 Nd4 29. Rd3 f6 30. f4 e5 31. fxe5 fxe5 32. Rxe5 Nc2 33. Rxd8+
Rxd8 34. Re7 Rd1+ 35. Kf2 Nb4 36. Rxa7 Rh1 37. Kg2 Re1 38. a4 Re5 39. Nd7 Re3
40. Rb7 Rxb3 41. a5 Rb2+ 42. Kh3 c5 43. Nxc5 1-0

[Event "Memorial Gashimov 2022 - Blitz"]
[Site "Baku"]
[Date "23.12.2022"]
[Round "B11"]
[White "Abdusattorov, Nodirbek"]
[Black "Suleymanli, Aydin"]
[Result "1-0"]
[WhiteElo "2713"]
[BlackElo "2543"]
[PlyCount "45"]
[EventDate "2022.??.??"]

1. e4 c6 2. d4 d5 3. e5 Bf5 4. Nd2 e6 5. Nb3 Nd7 6. Nf3 Ne7 7. Be2 Nc8 8. O-O
Be7 9. c3 Ncb6 10. Re1 Nc4 11. a4 O-O 12. Nbd2 Nxd2 13. Bxd2 c5 14. a5 cxd4 15.
cxd4 Nb8 16. Qb3 Qd7 17. Bb5 Nc6 18. a6 Be4 19. Qa4 Rac8 20. Rac1 Bxf3 21. gxf3
bxa6 22. Bxc6 Qd8 23. Ba5 1-0

[Event "Memorial Gashimov 2022 - Blitz"]
[Site "Baku"]
[Date "23.12.2022"]
[Round "B11"]
[White "Shankland, Sam"]
[Black "Mamedyarov, Shakhriyar"]
[Result "1/2-1/2"]
[WhiteElo "2710"]
[BlackElo "2740"]
[PlyCount "48"]
[EventDate "2022.??.??"]

1. d4 Nf6 2. c4 g6 3. Nc3 d5 4. Nf3 Bg7 5. Qb3 c5 6. cxd5 cxd4 7. Nxd4 Nxd5 8.
Qxd5 Bxd4 9. Qxd8+ Kxd8 10. Bd2 Nc6 11. e3 Bg7 12. Bb5 Bd7 13. O-O Ne5 14. Rfd1
Rc8 15. Rac1 f5 16. e4 Ke8 17. Bxd7+ Nxd7 18. exf5 gxf5 19. Be3 a6 20. Bd4 Nf6
21. Bxf6 Bxf6 22. Nd5 Kf7 23. Nxf6 Kxf6 24. Kf1 h5 1/2-1/2

[Event "Memorial Gashimov 2022 - Blitz"]
[Site "Baku"]
[Date "23.12.2022"]
[Round "B12"]
[White "Mamedyarov, Shakhriyar"]
[Black "Abdusattorov, Nodirbek"]
[Result "1/2-1/2"]
[WhiteElo "2740"]
[BlackElo "2713"]
[PlyCount "71"]
[EventDate "2022.??.??"]

1. d4 Nf6 2. c4 e6 3. Nc3 Bb4 4. g3 O-O 5. Bg2 d5 6. Nf3 dxc4 7. O-O Nc6 8. Re1
Nd5 9. Bd2 Nb6 10. e3 a5 11. Rc1 Re8 12. Ne4 e5 13. Nxe5 Nxe5 14. dxe5 Bf5 15.
Bc3 Qxd1 16. Rexd1 Na4 17. f4 Bxc3 18. bxc3 f6 19. Nf2 c6 20. g4 Bd3 21. Nxd3
cxd3 22. Rxd3 fxe5 23. f5 Rad8 24. Rcd1 Rxd3 25. Rxd3 e4 26. Rd7 b5 27. Rc7
Nxc3 28. Rxc6 Nxa2 29. Rc5 a4 30. Rxb5 Nc3 31. Rc5 Nd1 32. Ra5 Nxe3 33. Rxa4
Nxg4 34. Bxe4 Nf6 35. Bf3 h5 36. Ra5 1/2-1/2

[Event "Memorial Gashimov 2022 - Blitz"]
[Site "Baku"]
[Date "23.12.2022"]
[Round "B12"]
[White "Mamedov, Rauf"]
[Black "Wang, Hao"]
[Result "1/2-1/2"]
[WhiteElo "2646"]
[BlackElo "2722"]
[PlyCount "70"]
[EventDate "2022.??.??"]

1. e4 c5 2. c3 d5 3. exd5 Qxd5 4. d4 cxd4 5. cxd4 e5 6. Nf3 exd4 7. Qxd4 Nf6 8.
Nc3 Qe6+ 9. Be2 Nc6 10. Qe3 Be7 11. O-O O-O 12. h3 a6 13. Rd1 h6 14. Qxe6 Bxe6
15. Be3 Rac8 16. Nd4 Nxd4 17. Bxd4 Bc5 18. Bf3 Bxd4 19. Rxd4 Rc7 20. Rad1 g5
21. a4 Kg7 22. Rb4 Bc8 23. Rd6 Re7 24. Kh2 Rfe8 25. a5 h5 26. Rxf6 Kxf6 27.
Nd5+ Kg6 28. Nxe7+ Rxe7 29. Rb6+ f6 30. b4 g4 31. hxg4 hxg4 32. Bd5 Kg5 33. Rd6
f5 34. Rd8 Rh7+ 35. Kg1 Rc7 1/2-1/2

[Event "Memorial Gashimov 2022 - Blitz"]
[Site "Baku"]
[Date "23.12.2022"]
[Round "B12"]
[White "Suleymanli, Aydin"]
[Black "Rapport, Richard"]
[Result "1-0"]
[WhiteElo "2543"]
[BlackElo "2740"]
[PlyCount "149"]
[EventDate "2022.??.??"]

1. d4 Nf6 2. c4 c5 3. d5 g6 4. Nc3 Bg7 5. e4 d6 6. Nf3 O-O 7. Bd3 e6 8. O-O
exd5 9. exd5 Bg4 10. h3 Bxf3 11. Qxf3 Nbd7 12. Qd1 Nh5 13. Ne4 Be5 14. Bh6 f5
15. Ng5 Qf6 16. Ne6 Rf7 17. Rb1 Qh8 18. Qd2 Re8 19. Rbe1 f4 20. Ng5 Rfe7 21.
Be2 Bg7 22. Bxg7 Nxg7 23. Bg4 Ne5 24. b3 h6 25. Be6+ Nxe6 26. Nxe6 g5 27. Qc2
Qf6 28. f3 h5 29. Rxe5 dxe5 30. Nxc5 g4 31. hxg4 hxg4 32. fxg4 e4 33. Ne6 Rxe6
34. dxe6 Rxe6 35. Qd2 e3 36. Qd5 e2 37. Re1 Kg7 38. Qd3 Qe5 39. b4 a5 40. Kf2
f3 41. g3 axb4 42. Kxf3 Qf6+ 43. Kg2 Qc3 44. Qd7+ Kf6 45. g5+ Kf5 46. Qd5+ Re5
47. Qf7+ Kxg5 48. Qf4+ Kg6 49. Qg4+ Kf6 50. Rxe2 Rxe2+ 51. Qxe2 b6 52. Kf2 Qd4+
53. Kf3 Kf5 54. Qe3 Qd1+ 55. Kg2 Qb1 56. Qf3+ Ke5 57. Qd5+ Kf6 58. Qd6+ Kf7 59.
Qd5+ Kg7 60. Qd4+ Kf7 61. Qf2+ Kg8 62. Qe2 Kg7 63. g4 Kf6 64. Kf3 b3 65. axb3
Qxb3+ 66. Kf4 Qb4 67. Qe5+ Kf7 68. Qd5+ Kf8 69. g5 Qb3 70. Kf5 Qc2+ 71. Kf6
Qf2+ 72. Qf5 Qd4+ 73. Ke6+ Ke8 74. Qf7+ Kd8 75. Qf6+ 1-0

[Event "Memorial Gashimov 2022 - Blitz"]
[Site "Baku"]
[Date "23.12.2022"]
[Round "B12"]
[White "Gadimbayli, Abdulla"]
[Black "Shankland, Sam"]
[Result "1-0"]
[WhiteElo "2524"]
[BlackElo "2710"]
[PlyCount "122"]
[EventDate "2022.??.??"]

1. e4 c5 2. Nf3 d6 3. d4 cxd4 4. Nxd4 Nf6 5. Nc3 Nc6 6. Bg5 e6 7. Qd3 Be7 8.
O-O-O O-O 9. Be2 Bd7 10. f4 Nxd4 11. Qxd4 Qa5 12. e5 dxe5 13. fxe5 Bc6 14. Kb1
Nd5 15. Bd2 Rfd8 16. Bf3 Nb6 17. Qf4 Bxf3 18. gxf3 Rac8 19. Rhg1 g6 20. Ne4 Qa4
21. b3 Qc6 22. Rc1 Nd5 23. Qh6 Bf8 24. Qh4 Bg7 25. c4 Bxe5 26. cxd5 Qxd5 27.
Bc3 Qd3+ 28. Kb2 Rxc3 29. Rxc3 Bxc3+ 30. Nxc3 Qd2+ 31. Kb1 Rd4 32. Ne4 Qd3+ 33.
Ka1 Kg7 34. Qf6+ Kg8 35. Qf4 Kg7 36. Qe5+ Kf8 37. Rc1 Rd8 38. Qh8+ Ke7 39. Rc7+
Rd7 40. Qf6+ Ke8 41. Rc8+ Rd8 42. Rxd8+ Qxd8 43. Qh8+ Ke7 44. Qf6+ Ke8 45.
Qxd8+ Kxd8 46. Kb2 Ke7 47. Kc3 f5 48. Nd2 Kd6 49. Kd4 e5+ 50. Kc4 Kc6 51. a4 b6
52. b4 a6 53. b5+ axb5+ 54. axb5+ Kd6 55. Kb4 Kd5 56. Nc4 e4 57. Nxb6+ Kd4 58.
fxe4 f4 59. Nc4 Kxe4 60. b6 f3 61. Nd2+ Kd5 1-0

[Event "Memorial Gashimov 2022 - Blitz"]
[Site "Baku"]
[Date "23.12.2022"]
[Round "B13"]
[White "Rapport, Richard"]
[Black "Mamedyarov, Shakhriyar"]
[Result "1-0"]
[WhiteElo "2740"]
[BlackElo "2740"]
[PlyCount "59"]
[EventDate "2022.??.??"]

1. e4 e5 2. Bc4 Nf6 3. d3 Nc6 4. Nc3 Bc5 5. h3 h6 6. Nge2 a6 7. a3 d6 8. Ng3
Be6 9. Nd5 Bxd5 10. exd5 Ne7 11. Qf3 Qd7 12. O-O c6 13. dxc6 Qxc6 14. Ne4 Nxe4
15. Qxf7+ Kd7 16. Be6+ Kd8 17. dxe4 Qxe4 18. Qxg7 Qh7 19. Qxh7 Rxh7 20. Be3 b6
21. Bd2 b5 22. b4 Bb6 23. a4 Rb8 24. axb5 axb5 25. Ra3 Kc7 26. Rc3+ Kb7 27. Rf3
d5 28. Bc3 e4 29. Rf6 Rc8 30. Bxc8+ 1-0

[Event "Memorial Gashimov 2022 - Blitz"]
[Site "Baku"]
[Date "23.12.2022"]
[Round "B13"]
[White "Vallejo Pons, Francisco"]
[Black "Mamedov, Rauf"]
[Result "0-1"]
[WhiteElo "2716"]
[BlackElo "2646"]
[PlyCount "58"]
[EventDate "2022.??.??"]

1. e4 c5 2. Nc3 Nc6 3. Bb5 Nd4 4. Nf3 a6 5. Bd3 Nc6 6. Be2 Nd4 7. a3 d6 8. Bc4
Nf6 9. d3 Bg4 10. Be3 e6 11. Ba2 Nd7 12. Bxd4 cxd4 13. Ne2 Bxf3 14. gxf3 Qb6
15. Bb3 g6 16. Qd2 Nc5 17. Qb4 Qxb4+ 18. axb4 Nxb3 19. cxb3 Kd7 20. Kd2 Bh6+
21. f4 e5 22. Ra5 Rhc8 23. h4 Rc7 24. Rc1 Rxc1 25. Kxc1 f5 26. Kd1 fxe4 27.
dxe4 Rf8 28. fxe5 d3 29. Nc1 Rxf2 0-1

[Event "Memorial Gashimov 2022 - Blitz"]
[Site "Baku"]
[Date "23.12.2022"]
[Round "B13"]
[White "Abdusattorov, Nodirbek"]
[Black "Gadimbayli, Abdulla"]
[Result "1/2-1/2"]
[WhiteElo "2713"]
[BlackElo "2524"]
[PlyCount "111"]
[EventDate "2022.??.??"]

1. e4 e6 2. d4 d5 3. e5 c5 4. Nf3 Qb6 5. Bd3 Bd7 6. O-O cxd4 7. Nbd2 Ne7 8. Ng5
Nbc6 9. f4 Nb4 10. Kh1 Nxd3 11. cxd3 Nf5 12. Ndf3 Be7 13. Qe2 h6 14. Nh3 O-O-O
15. Nf2 Kb8 16. a3 Rc8 17. b4 Ba4 18. Ra2 Rc7 19. Bd2 Rhc8 20. Ne1 a6 21. Rg1
g6 22. Nd1 h5 23. Rf1 Bxd1 24. Qxd1 Ne3 25. Bxe3 dxe3 26. Qe2 d4 27. Nf3 Rc3
28. Rd1 Rd8 29. h4 Rd7 30. Kh2 Bd8 31. Kg3 Qb5 32. Rc2 Qc6 33. Rdc1 Rxc2 34.
Rxc2 Qa4 35. Rc4 Bb6 36. Qb2 Qd1 37. Qc2 Qxc2 38. Rxc2 a5 39. b5 Rc7 40. Rxc7
Kxc7 41. a4 Kd7 42. Ng5 Ke8 43. Kf3 Bd8 44. Ne4 Be7 45. g3 Kd7 46. Ke2 Kc7 47.
Kd1 Kb6 48. Ke2 Kc7 49. Kf3 Kd7 50. Ke2 Ke8 51. Kf3 b6 52. Ke2 Kf8 53. Kf3 Kg7
54. Ke2 Kf8 55. Kf3 Kg7 56. Ke2 1/2-1/2

[Event "Memorial Gashimov 2022 - Blitz"]
[Site "Baku"]
[Date "23.12.2022"]
[Round "B13"]
[White "Shankland, Sam"]
[Black "Wang, Hao"]
[Result "1-0"]
[WhiteElo "2710"]
[BlackElo "2722"]
[PlyCount "61"]
[EventDate "2022.??.??"]

1. d4 Nf6 2. c4 e6 3. Nc3 d5 4. Nf3 c5 5. cxd5 Nxd5 6. e4 Nxc3 7. bxc3 cxd4 8.
cxd4 Bb4+ 9. Bd2 Bxd2+ 10. Qxd2 O-O 11. Bc4 Nd7 12. O-O b6 13. d5 Nc5 14. Qd4
exd5 15. exd5 Qd6 16. Rfe1 Bd7 17. Ne5 Rae8 18. Re3 Re7 19. Rae1 Rfe8 20. h4 h6
21. h5 Ba4 22. Nxf7 Kxf7 23. Re6 Rxe6 24. dxe6+ Ke7 25. Qxg7+ Kd8 26. Qxh6 Qe7
27. Re3 Kc8 28. Qf4 Bc6 29. h6 Qh7 30. e7 Rxe7 31. Qf8+ 1-0

[Event "Memorial Gashimov 2022 - Blitz"]
[Site "Baku"]
[Date "23.12.2022"]
[Round "B14"]
[White "Wang, Hao"]
[Black "Abdusattorov, Nodirbek"]
[Result "1/2-1/2"]
[WhiteElo "2722"]
[BlackElo "2713"]
[PlyCount "99"]
[EventDate "2022.??.??"]

1. e4 c5 2. Nf3 e6 3. d4 cxd4 4. Nxd4 Nf6 5. Nc3 Nc6 6. a3 Be7 7. Be2 O-O 8.
Be3 d5 9. exd5 exd5 10. O-O Re8 11. Re1 h6 12. h3 Bd6 13. Bf1 a6 14. Qd2 Bd7
15. Rad1 Be5 16. Nf3 Bxc3 17. Qxc3 Rc8 18. Qb3 Na5 19. Qb4 Re4 20. Qd2 Nc4 21.
Bxc4 Rexc4 22. c3 Ba4 23. Rb1 Ne4 24. Qd3 Bb5 25. Qc2 Qf6 26. Qd1 Bd7 27. Bd4
Qf5 28. Ne5 R4c7 29. f3 Nc5 30. Bxc5 Rxc5 31. Qd4 Be6 32. Rbd1 Qf6 33. Qe3 Rb5
34. Rd2 Qd8 35. Nd3 a5 36. Nf4 Qb6 37. Qxb6 Rxb6 38. Ne2 Kf8 39. Nd4 a4 40. Kf2
Bd7 41. g4 f6 42. Rde2 Re8 43. Rxe8+ Bxe8 44. Re2 Bd7 45. Ke3 Ke7 46. Kd3+ Kd6
47. Nf5+ Bxf5+ 48. gxf5 Kc5 49. Rg2 h5 50. h4 1/2-1/2

[Event "Memorial Gashimov 2022 - Blitz"]
[Site "Baku"]
[Date "23.12.2022"]
[Round "B14"]
[White "Mamedov, Rauf"]
[Black "Shankland, Sam"]
[Result "1/2-1/2"]
[WhiteElo "2646"]
[BlackElo "2710"]
[PlyCount "275"]
[EventDate "2022.??.??"]

1. e4 e6 2. d4 d5 3. Nd2 c5 4. exd5 Qxd5 5. dxc5 Nf6 6. Ngf3 Qxc5 7. Bd3 Nbd7
8. Qe2 Qc7 9. O-O Be7 10. Ne4 O-O 11. Bg5 b6 12. Nxf6+ Nxf6 13. Rad1 Bb7 14. c3
Rad8 15. Bxf6 Bxf6 16. Be4 g6 17. g3 b5 18. Qe3 Bxe4 19. Qxe4 a6 20. Kg2 Kg7
21. h4 h5 22. Ng5 Rxd1 23. Rxd1 Rd8 24. Rxd8 Qxd8 25. Nf3 Qb6 26. Ne5 Qc7 27.
Nd3 a5 28. Nf4 Qd6 29. Nd3 Kh7 30. Qf3 Kg7 31. Qe4 Qc7 32. Nf4 Qd7 33. Nd3 Qd6
34. a3 Qd7 35. Kf1 Qd6 36. Ke2 Qc7 37. Nf4 Qd6 38. Qd3 Qc6 39. Kf1 Be5 40. Qe3
Qc4+ 41. Nd3 Bf6 42. Kg2 Qd5+ 43. Qf3 Qc4 44. Qe3 Qc6+ 45. Qf3 Qd7 46. Qe4 Qd6
47. Qf3 Qd7 48. Nc5 Qc7 49. b4 axb4 50. axb4 Be7 51. Qe3 Qc6+ 52. Kg1 Qd5 53.
Ne4 Qe5 54. Kg2 f5 55. Nd2 Qxe3 56. fxe3 Bf6 57. c4 Bc3 58. Nb1 Bxb4 59. cxb5
Kf6 60. b6 Ke7 61. b7 Bd6 62. Nd2 Kd7 63. Nc4 Bc7 64. Kf3 Kc6 65. e4 Kxb7 66.
exf5 gxf5 67. Ne3 Kc6 68. Ng2 Kd5 69. Ne3+ Kd4 70. Nc2+ Kc5 71. Ne3 Kc6 72. Ng2
Kd7 73. Ne3 Ke7 74. Nc2 Bb6 75. Nb4 Kf6 76. Kg2 Bc5 77. Nd3 Bd6 78. Nc1 e5 79.
Ne2 e4 80. Kf2 Bc5+ 81. Kg2 Be3 82. Nc3 Ke5 83. Nb5 Bd2 84. Kf2 Bb4 85. Ke2 Ba5
86. Na3 Kd5 87. Nc2 Bb6 88. Nb4+ Ke5 89. Nc6+ Kd6 90. Nb4 Bc5 91. Na2 Ke5 92.
Nc3 Bb4 93. Nb5 Ba5 94. Na3 Bc7 95. Nc4+ Kd5 96. Ne3+ Ke6 97. Nf1 f4 98. gxf4
Bxf4 99. Kf2 Kf5 100. Kg2 Kg4 101. Kf2 Kxh4 102. Kg2 Kg4 103. Kf2 h4 104. Kg2
h3+ 105. Kf2 Kf5 106. Kg1 Ke5 107. Kf2 Kd4 108. Kg1 Kd3 109. Kf2 h2 110. Kg2
Ke2 111. Kh1 Kf2 112. Ng3 e3 113. Ne4+ Kf3 114. Nc5 Bd6 115. Nb3 Ke4 116. Nc1
Ba3 117. Ne2 Kf3 118. Nd4+ Kf2 119. Kxh2 Bc5 120. Nc2 e2 121. Kh3 Kf3 122. Ne1+
Kf2 123. Nc2 Kf3 124. Ne1+ Ke3 125. Kg2 Bd6 126. Nf3 Bb4 127. Kg3 Bc5 128. Kg2
Bd6 129. Ne1 Kd2 130. Nf3+ Kd1 131. Kf2 Bc5+ 132. Kg2 Bd4 133. Kg3 Ba7 134. Kf4
Kc2 135. Ke4 Kc3 136. Ne1 Bf2 137. Kf3 Bxe1 138. Kxe2 1/2-1/2

[Event "Memorial Gashimov 2022 - Blitz"]
[Site "Baku"]
[Date "23.12.2022"]
[Round "B14"]
[White "Suleymanli, Aydin"]
[Black "Vallejo Pons, Francisco"]
[Result "0-1"]
[WhiteElo "2543"]
[BlackElo "2716"]
[PlyCount "138"]
[EventDate "2022.??.??"]

1. d4 e6 2. c4 d5 3. Nc3 dxc4 4. e4 c5 5. d5 exd5 6. exd5 Nf6 7. Bxc4 a6 8. a4
Bd6 9. Nf3 O-O 10. O-O Bg4 11. h3 Bxf3 12. Qxf3 Nbd7 13. Qd1 Re8 14. Qc2 Qe7
15. Rd1 Ne5 16. Bf1 Ng6 17. g3 h5 18. Qf5 h4 19. Kg2 hxg3 20. fxg3 Qc7 21. Qf3
Re5 22. a5 Rae8 23. Ra4 Qd7 24. h4 Rf5 25. Qd3 Ne5 26. Qc2 Neg4 27. Ne4 Nxe4
28. Rxe4 Rf2+ 29. Qxf2 Nxf2 30. Rxe8+ Qxe8 31. Kxf2 Qe5 32. Rd3 c4 33. Rf3 Qxd5
34. Kg2 Qe4 35. Be3 Be5 36. Kf2 Bxb2 37. Rf4 Qc2+ 38. Kg1 Bc1 39. Bxc1 Qxc1 40.
Rxc4 Qe3+ 41. Kh2 Qd2+ 42. Bg2 Qxa5 43. Rc8+ Kh7 44. Bxb7 Qd2+ 45. Bg2 a5 46.
Ra8 g6 47. Ra7 Kg7 48. Kh3 Kf8 49. Ra8+ Ke7 50. Ra6 f6 51. Kh2 Kf7 52. Kh3 f5
53. Kh2 Kg7 54. Ra7+ Kf6 55. Ra6+ Kg7 56. Ra7+ Kh6 57. Ra6 Qb4 58. Ra8 a4 59.
Kh3 a3 60. Bd5 Qg4+ 61. Kh2 Qe2+ 62. Kh3 Qf1+ 63. Kh2 Qf2+ 64. Kh3 Qc5 65. Bg2
Qc3 66. Ra7 Qb4 67. Kh2 Qb2 68. Kh3 a2 69. g4 fxg4+ 0-1

[Event "Memorial Gashimov 2022 - Blitz"]
[Site "Baku"]
[Date "23.12.2022"]
[Round "B14"]
[White "Gadimbayli, Abdulla"]
[Black "Rapport, Richard"]
[Result "0-1"]
[WhiteElo "2524"]
[BlackElo "2740"]
[PlyCount "98"]
[EventDate "2022.??.??"]

1. e4 c5 2. Nf3 d6 3. d4 cxd4 4. Nxd4 Nf6 5. Nc3 g6 6. Be3 Nc6 7. f3 h5 8. Qd2
Nxd4 9. Bxd4 Bh6 10. Be3 Bxe3 11. Qxe3 Be6 12. O-O-O Qa5 13. a3 Rc8 14. h4 a6
15. Kb1 Qc5 16. Qxc5 Rxc5 17. Bd3 O-O 18. Ne2 Kg7 19. c3 b5 20. Nd4 Bc4 21. Bc2
Rfc8 22. Rdg1 a5 23. Nb3 Bxb3 24. Bxb3 Nd7 25. Rd1 Nb6 26. Rd4 Kf6 27. Rhd1 g5
28. hxg5+ Rxg5 29. g4 hxg4 30. fxg4 Kg7 31. Rf1 f6 32. Rf5 Rc5 33. Bd1 Nc4 34.
Be2 Ne5 35. Rxg5+ fxg5 36. Rd5 Kf6 37. Rxc5 dxc5 38. Kc2 c4 39. b3 Ke6 40. a4
bxa4 41. bxa4 Kd6 42. Kd2 Kc5 43. Ke3 Kc6 44. Kd4 Kd6 45. Bd1 Nd3 46. Be2 Ne5
47. Bd1 Nd3 48. Be2 Nb2 49. Bxc4 e5+ 0-1

[Event "Memorial Gashimov 2022 - Blitz"]
[Site "Baku"]
[Date "23.12.2022"]
[Round "B15"]
[White "Rapport, Richard"]
[Black "Wang, Hao"]
[Result "1-0"]
[WhiteElo "2740"]
[BlackElo "2722"]
[PlyCount "139"]
[EventDate "2022.??.??"]

1. e4 c5 2. Nf3 d6 3. Bb5+ Bd7 4. Bxd7+ Nxd7 5. O-O Ngf6 6. Qe2 e6 7. b3 Be7 8.
Bb2 O-O 9. c4 Rc8 10. Nc3 Ne5 11. Nxe5 dxe5 12. f4 exf4 13. e5 Nd7 14. Rxf4 f5
15. exf6 Bxf6 16. Qxe6+ Kh8 17. Raf1 Bd4+ 18. Kh1 Nf6 19. Qe2 Re8 20. Qd1 a6
21. Na4 Bxb2 22. Nxb2 Qd6 23. Na4 Rcd8 24. Qf3 b5 25. cxb5 axb5 26. Nc3 b4 27.
Ne4 Nxe4 28. Rxe4 Rf8 29. Rf4 Rxf4 30. Qxf4 Qxf4 31. Rxf4 g6 32. Rf2 Ra8 33. d3
Kg7 34. Kg1 Rd8 35. Rc2 Rxd3 36. Rxc5 Rd2 37. Rc7+ Kh6 38. Rc4 Rxa2 39. Rxb4
Rb2 40. Rh4+ Kg5 41. Rh3 h5 42. Rg3+ Kf4 43. Rf3+ Ke5 44. h4 Ke6 45. Kh2 Ke5
46. Kg3 Ke6 47. Rc3 Kf5 48. Rc5+ Kf6 49. Rb5 Rc2 50. Kf3 Rc3+ 51. Kf4 Rc2 52.
Rb6+ Kg7 53. g3 Rf2+ 54. Ke3 Rg2 55. Kf3 Rb2 56. b4 Kh6 57. Rb8 Kg7 58. Kf4
Rf2+ 59. Ke4 Re2+ 60. Kf3 Rb2 61. Rb5 Kf6 62. Rb7 Kf5 63. Rb5+ Kf6 64. Ke4 Re2+
65. Kd3 Rf2 66. Rg5 Rb2 67. Kc3 Rb1 68. Kc4 Rc1+ 69. Kd5 Rb1 70. Ke4 1-0

[Event "Memorial Gashimov 2022 - Blitz"]
[Site "Baku"]
[Date "23.12.2022"]
[Round "B15"]
[White "Vallejo Pons, Francisco"]
[Black "Mamedyarov, Shakhriyar"]
[Result "0-1"]
[WhiteElo "2716"]
[BlackElo "2740"]
[PlyCount "90"]
[EventDate "2022.??.??"]

1. e4 e5 2. Nf3 Nc6 3. Nc3 Nf6 4. g3 d5 5. exd5 Nxd5 6. Bg2 Nde7 7. O-O Nf5 8.
Re1 f6 9. a3 Bc5 10. b4 Bb6 11. Na4 O-O 12. d3 Be6 13. Bb2 Qd7 14. c4 a6 15.
Nxb6 cxb6 16. Qe2 Rad8 17. Rad1 Rfe8 18. h4 b5 19. Qc2 h5 20. cxb5 axb5 21. Qc5
Qd5 22. d4 Qxc5 23. dxc5 Bb3 24. Rc1 Rd3 25. Bc3 Red8 26. Nh2 R3d7 27. Bf1 Ncd4
28. Bxd4 Nxd4 29. Re3 Bd5 30. f4 exf4 31. gxf4 Nf5 32. Rd3 Bc6 33. Rcd1 Nxh4
34. Kf2 Ng6 35. Rxd7 Rxd7 36. Rxd7 Bxd7 37. Ke3 Ne7 38. Kd4 Kf7 39. Nf3 Nf5+
40. Kc3 Ng3 41. Bd3 Bc6 42. Nd4 h4 43. Nxb5 h3 44. Nd6+ Kf8 45. b5 h2 0-1

[Event "Memorial Gashimov 2022 - Blitz"]
[Site "Baku"]
[Date "23.12.2022"]
[Round "B15"]
[White "Abdusattorov, Nodirbek"]
[Black "Shankland, Sam"]
[Result "1-0"]
[WhiteElo "2713"]
[BlackElo "2710"]
[PlyCount "81"]
[EventDate "2022.??.??"]

1. e4 e6 2. d4 d5 3. e5 c5 4. c3 Nc6 5. Nf3 Bd7 6. Be2 Qb6 7. O-O cxd4 8. cxd4
Nge7 9. Na3 Nf5 10. Nc2 Rc8 11. Bd3 Nb4 12. Nxb4 Bxb4 13. a3 Be7 14. Bxf5 exf5
15. Bg5 Bxg5 16. Nxg5 O-O 17. Qd2 Rc4 18. Nf3 Rfc8 19. Rac1 h6 20. h4 Be6 21.
Rxc4 Rxc4 22. Rc1 Qc6 23. Rxc4 dxc4 24. Ne1 Qe4 25. Nc2 Qd3 26. Qc3 f4 27. f3
b6 28. Kf2 Qd1 29. Nb4 a5 30. Na6 Bf5 31. Nc7 Bd3 32. Qe1 Qc2+ 33. Kg1 Qxb2 34.
d5 c3 35. e6 fxe6 36. dxe6 c2 37. e7 c1=Q 38. e8=Q+ Kh7 39. Kh2 Qxc7 40. Q1e6
Qf6 41. Q6g8# 1-0